[Event "St Petersburg Rapid Cup 2013"]
[Site "St Petersburg RUS"]
[Date "2013.09.28"]
[Round "2.5"]
[White "Matlakov,M"]
[Black "Solovjov,S"]
[Result "1-0"]
[WhiteElo "2676"]
[BlackElo "2381"]

1.Nf3 g6 2.c4 Bg7 3.d4 d6 4.g3 Nf6 5.Bg2 O-O 6.O-O Nbd7 7.Nc3 e5 8.b3 c6
9.e4 exd4 10.Nxd4 Nc5 11.Bb2 Re8 12.Re1 Ne6 13.Nxe6 Bxe6 14.Ne2 d5 15.exd5 cxd5
16.Nf4 dxc4 17.Nxe6 Rxe6 18.Rxe6 fxe6 19.bxc4 Qc7 20.Qb3 Rc8 21.Rc1 b6 22.c5 bxc5
23.Qxe6+  1-0

[Event "12th Forchheim Open A 2013"]
[Site "Forchheim GER"]
[Date "2013.09.29"]
[Round "4.15"]
[White "Bachstein,D"]
[Black "Mehringer,Joerg"]
[Result "1-0"]
[WhiteElo "2082"]
[BlackElo "1957"]

1.d4 Nf6 2.c4 g6 3.Nf3 Bg7 4.g3 O-O 5.Bg2 d6 6.O-O c5 7.d5 Bf5 8.Nc3 a6 9.a4 Ne4
10.Qb3 Nxc3 11.bxc3 Nd7 12.Nd2 g5 13.e4 Bg6 14.Re1 g4 15.Nf1 Rb8 16.h3 h5
17.f4 gxf3 18.Bxf3 Ne5 19.Bg2 Qd7 20.Ne3 f5 21.exf5 Bxf5 22.Qd1 Bg6 23.Bd2 Nd3
24.Rf1 Rxf1+ 25.Bxf1 Ne5 26.Ra2 Rf8 27.Bg2 Bh6 28.Qe2 Nd3 29.Nd1 Bg7 30.Qe6+ Qxe6
31.dxe6 b6 32.Ne3 Rf2 33.Nd5 Bh6 34.Nxe7+ Kh7 35.Nxg6 Bxd2 36.e7 Re2 37.Rxd2 Re1+
38.Kh2  1-0

[Event "ch-GER w Rapid 2013"]
[Site "Gladenbach GER"]
[Date "2013.09.29"]
[Round "7.1"]
[White "Paehtz,E"]
[Black "Melamed,T"]
[Result "1/2-1/2"]
[WhiteElo "2440"]
[BlackElo "2360"]

1.d4 Nf6 2.Nf3 g6 3.g3 Bg7 4.Bg2 O-O 5.c4 d6 6.O-O c6 7.Nc3 Qb6 8.h3 Qa6
9.b3 b5 10.Nd2 bxc4 11.Nxc4 Nbd7 12.e4 Nb6 13.Nxb6 Qxb6 14.Be3 Ba6 15.Re1 Qa5
16.Qd2 Rac8 17.Rac1 Rfe8 18.Kh2  1/2-1/2

[Event "Tatry Open 2013"]
[Site "Tatranske Zruby SVK"]
[Date "2013.09.29"]
[Round "1.20"]
[White "Vul,A"]
[Black "Frindt,K"]
[Result "1-0"]
[WhiteElo "2287"]
[BlackElo "2164"]

1.Nf3 Nf6 2.c4 g6 3.g3 Bg7 4.d4 d6 5.Bg2 O-O 6.O-O Nc6 7.Nc3 a6 8.h3 Rb8
9.e4 e5 10.dxe5 Nxe5 11.Nxe5 dxe5 12.Qxd8 Rxd8 13.Nd5 Nxd5 14.cxd5 c6 15.dxc6 bxc6
16.b3 Be6 17.Be3 a5 18.Rfc1 a4 19.bxa4 Ra8 20.a5 Rdc8 21.Bd2 Bf8 22.a3 c5
23.Bf1 Be7 24.Bc4 Bxc4 25.Rxc4 Bd8 26.Rac1 Bxa5 27.Bb4 Bb6 28.Bxc5 Bxc5 29.Rxc5 Rxc5
30.Rxc5 Rxa3 31.Rxe5 h5 32.Kg2 Kg7 33.h4 Rb3 34.Rd5 Kf6 35.Rd2 Ke5 36.Re2 Ra3
37.f4+ Ke6 38.Kf2 Rb3 39.Re3 Rb2+ 40.Kf3 Rb6 41.Ra3 Rc6 42.g4 hxg4+ 43.Kxg4 Rc4
44.Ra6+ Ke7 45.e5 Rc1 46.Kg5 Rg1+ 47.Kh6 f5 48.Rxg6 Rg4 49.h5 Rxf4 50.Kg7 Rh4
51.h6  1-0

[Event "Tatry Open 2013"]
[Site "Tatranske Zruby SVK"]
[Date "2013.10.01"]
[Round "3.19"]
[White "Volodin,V"]
[Black "Kernazhitsky,L"]
[Result "1/2-1/2"]
[WhiteElo "2177"]
[BlackElo "2268"]

1.Nf3 Nf6 2.c4 g6 3.d4 Bg7 4.g3 d6 5.Bg2 O-O 6.O-O Nc6 7.Nc3 Bf5 8.d5 Na5
9.Nd2 c5 10.e4 Bd7 11.Qc2 a6 12.b3 b5 13.Bb2 bxc4 14.bxc4 Rb8 15.Nd1 e6 16.Bc3 exd5
17.exd5 Ne8 18.Ne3 Bd4 19.Rab1 Rxb1 20.Rxb1 Ng7 21.Qd3 Nf5 22.Nxf5 Bxf5 23.Be4 Bxe4
24.Nxe4 f5 25.Nd2 Bxc3 26.Qxc3 Rf7 27.Kg2 Nb7 28.Nf3 h6 29.Re1 Qf6 30.Qxf6 Rxf6
31.Rb1 Rf7 32.Rb6 a5 33.h4 Kg7 34.Nd2 Kf6 35.f4 Re7 36.Kf2 g5 37.a4 gxf4
38.gxf4 Kg6 39.Ra6 Kh5 40.Ra7 Kg6 41.Kf3 Kf7 42.Nb3 Ke8 43.Ra8+ Kd7 44.Nxa5 Nxa5
45.Rxa5 Re4 46.Ra7+ Ke8 47.Rh7 Rxc4 48.Rxh6 Rxa4 49.Rxd6 Ra3+ 50.Ke2 Ra4
51.Re6+ Kf7 52.Kf3 Rd4 53.Re5 Kf6 54.Ke3 Rd1 55.Ke2 Rd4 56.Ke3 Rd1 57.d6 c4
58.Rc5 Rd3+ 59.Ke2 Rxd6 60.Rxc4 Kg6 61.Rc5 Ra6 62.Kd2 Ra2+ 63.Ke3 Rh2 64.Kf3  1/2-1/2

[Event "23rd EYCC Open U18 2013"]
[Site "Budva MNE"]
[Date "2013.10.02"]
[Round "4.14"]
[White "Mejak,Severin"]
[Black "Beradze,I"]
[Result "0-1"]
[WhiteElo "2079"]
[BlackElo "2319"]

1.d4 Nf6 2.c4 g6 3.Nf3 Bg7 4.g3 d6 5.Bg2 O-O 6.O-O Nc6 7.Nc3 a6 8.h3 Bd7
9.Bg5 h6 10.Be3 Rb8 11.Rc1 b5 12.cxb5 axb5 13.Nd2 b4 14.Ncb1 Na5 15.Nc4 c6
16.Nxa5 Qxa5 17.a3 Qa6 18.Qd2 bxa3 19.bxa3 Kh7 20.f3 Rb3 21.Bf2 Rfb8 22.e4 Rb2
23.Qe3 Re2 24.Qc3 Rbb2 25.Rcd1 c5 26.Rd2 Rbxd2 27.Nxd2 Nh5 28.Nb3 cxd4 29.Bxd4 Bxd4+
30.Nxd4 Rxg2+ 31.Kxg2 Bxh3+ 32.Kxh3 Qxf1+  0-1

[Event "23rd EYCC Girls U18 2013"]
[Site "Budva MNE"]
[Date "2013.10.02"]
[Round "4.14"]
[White "Ivanova,Karina"]
[Black "Roy,Ali"]
[Result "1/2-1/2"]
[WhiteElo "2018"]
[BlackElo "1889"]

1.d4 Nf6 2.c4 g6 3.Nf3 Bg7 4.g3 O-O 5.Bg2 d6 6.Nc3 Nbd7 7.O-O e5 8.e4 a5
9.Re1 Re8 10.b3 exd4 11.Nxd4 Nc5 12.Bb2 Bd7 13.Rb1 Qe7 14.Qc2 Ne6 15.Nxe6 Bxe6
16.e5 dxe5 17.Bxb7 Rab8 18.Bc6 Bf5 19.Ne4 Red8 20.Rbd1 Rxd1 21.Rxd1 a4 22.f3 axb3
23.axb3 Nxe4 24.Bxe4 Qc5+ 25.Kg2 Bxe4 26.fxe4 Qe3 27.Bc3 h5 28.b4 Qb6 29.Rd5 Qe6
30.Qd3 Kh7 31.b5 Ra8 32.Qd2 h4 33.Qe2 hxg3 34.hxg3 f6 35.Rc5 Qd7 36.Rd5 Qe6
37.Rc5 Qd7 38.Rd5 Qe6 39.Rc5  1/2-1/2

[Event "23rd EYCC Girls U18 2013"]
[Site "Budva MNE"]
[Date "2013.10.03"]
[Round "5.14"]
[White "Ivanova,Karina"]
[Black "Federovski,Adi"]
[Result "1-0"]
[WhiteElo "2018"]
[BlackElo "1862"]

1.d4 Nf6 2.c4 g6 3.Nf3 Bg7 4.g3 O-O 5.Bg2 d6 6.O-O Nbd7 7.Nc3 e5 8.e4 exd4
9.Nxd4 Re8 10.h3 Nc5 11.Re1 Bd7 12.Rb1 a5 13.b3 a4 14.b4 Ne6 15.Be3 h6 16.Kh2 Ng5
17.Qc2 Qc8 18.Bxg5 hxg5 19.Red1 Kh7 20.b5 Rh8 21.g4 Kg8 22.Kg1 a3 23.Rb3 c6
24.Qc1 Nxg4 25.hxg4 Bxg4 26.Rd3 Bh3 27.Qxg5 Rh5 28.Qe3 Bxg2 29.Kxg2 Be5 30.f4 Bg7
31.bxc6 bxc6 32.Nce2 Qe8 33.Qf3 Raa5 34.Nc2 Qe6 35.Ne3 Bf8 36.Nd4 Qd7 37.Ndc2 Qe8
38.f5 Kg7 39.Ng4 f6 40.Rb7+ Be7 41.Rxd6  1-0

[Event "Tatry Open 2013"]
[Site "Tatranske Zruby SVK"]
[Date "2013.10.04"]
[Round "7.1"]
[White "Vul,A"]
[Black "Jasny,S"]
[Result "1/2-1/2"]
[WhiteElo "2287"]
[BlackElo "2310"]

1.Nf3 Nf6 2.c4 g6 3.g3 Bg7 4.d4 O-O 5.Bg2 d6 6.O-O Nc6 7.Nc3 Bf5 8.d5 Na5
9.Nd2 c5 10.e4 Bd7 11.Qc2 a6 12.Rb1 Rb8 13.b3 b5 14.Bb2 e5 15.dxe6 Bxe6 16.Nd5 Nc6
17.Bc3 Nd4 18.Bxd4 cxd4 19.Nxf6+ Bxf6 20.Rfc1  1/2-1/2

[Event "23rd EYCC Open U18 2013"]
[Site "Budva MNE"]
[Date "2013.10.07"]
[Round "8.34"]
[White "Mejak,Severin"]
[Black "Zajic,Milun"]
[Result "1-0"]
[WhiteElo "2079"]
[BlackElo "1931"]

1.d4 Nf6 2.c4 g6 3.Nf3 Bg7 4.g3 O-O 5.Bg2 d6 6.O-O c6 7.Nc3 Qa5 8.e4 Qh5
9.Ng5 Qxd1 10.Rxd1 e5 11.d5 c5 12.Bh3 Bxh3 13.Nxh3 Nbd7 14.Bd2 a6 15.f3 Rfb8
16.Rdb1 Ne8 17.a4 Bf6 18.Kf1 Bd8 19.Ke2 Ba5 20.Nf2 Nc7 21.Nfd1 Kg7 22.Ne3 b6
23.h4 Rb7 24.Ra2 Rab8 25.Raa1 Nf6 26.h5 Nfe8 27.Rf1 Bb4 28.Nc2 b5 29.axb5 axb5
30.Nxb4 cxb4 31.Nxb5 Nxb5 32.cxb5 Rxb5 33.Ra7 R8b7 34.Rxb7 Rxb7 35.f4 Nc7
36.fxe5 dxe5 37.Kd3 Na6 38.Rc1 Kf8 39.Rc6 Ke8 40.Rc8+ Ke7 41.Kc4  1-0

[Event "Chinese Teams 2013"]
[Site "Qingdao CHN"]
[Date "2013.10.11"]
[Round "12.6"]
[White "Wen Yang"]
[Black "Fang,Yan"]
[Result "1-0"]
[WhiteElo "2590"]
[BlackElo "2281"]

1.d4 Nf6 2.c4 d6 3.g3 g6 4.Bg2 Bg7 5.Nf3 O-O 6.O-O c6 7.Nc3 Nbd7 8.h3 e5
9.e4 exd4 10.Nxd4 Re8 11.Qc2 Nc5 12.Be3 Qe7 13.Rfe1 Bd7 14.f3 Nh5 15.Kh2 Qf8
16.Rad1 Rad8 17.f4 Bc8 18.Bf2 Bh8 19.b4 Ne6 20.Nf3 Qh6 21.Be3 Qg7 22.Ne2 a6
23.g4 Nf6 24.f5 gxf5 25.exf5 Nc5 26.Ng3 Nce4 27.Nxe4 Rxe4 28.g5 Bxf5 29.gxf6 Qxf6
30.Qf2 Rde8 31.Bd4 Qh6 32.Qg3+ Qg6 33.Rxe4 Rxe4 34.Bxh8  1-0

[Event "TCh-ISL Div1 2013-14"]
[Site "Reykjavik ISL"]
[Date "2013.10.12"]
[Round "4.4"]
[White "Gajewski,G"]
[Black "Jones,G"]
[Result "0-1"]
[WhiteElo "2637"]
[BlackElo "2638"]

1.d4 d6 2.Nf3 Nf6 3.c4 g6 4.g3 Bg7 5.Bg2 O-O 6.O-O Nc6 7.Nc3 Rb8 8.h3 a6
9.e4 b5 10.d5 b4 11.Ne2 Na5 12.Qc2 c6 13.Ned4 c5 14.Nb3 e5 15.dxe6 Bxe6 16.Rd1 Nxb3
17.axb3 Qb6 18.Bf4 Rbd8 19.g4 Bc8 20.Nh2 Rfe8 21.Nf1 Bb7 22.Ng3 Re6 23.Rd2 Rde8
24.f3 Nd7 25.Rad1 Bd4+ 26.Kh1 Ne5 27.Qc1 Rf6 28.Bg5 Rxf3 29.Bxf3 Nxf3 30.Rxd4 Nxd4
31.Bf6 Bxe4+ 32.Nxe4 Qc6 33.Qh6 Qxe4+ 34.Kg1 Ne6 35.Kf2 Qc2+ 36.Rd2 Qc1 37.Kg2 a5
38.Qe3 Ng7 39.Qf2 Re6 40.Bg5 Qb1 41.Qf3 Ne8 42.Bf4 Qe1 43.Qf2 Qxf2+ 44.Kxf2 f6
45.Rd1 Re7 46.Rd5 Rd7 47.Be3 Ra7 48.Bf4 Ra6 49.h4 Kf7 50.Rd1 Ke6 51.Re1+ Kd7
52.Bh6 Nc7 53.Bg7 f5 54.gxf5 gxf5 55.Bf6 Ne6 56.Rd1 a4 57.bxa4 Rxa4 58.Be5 Ra6
59.Bf6 b3 60.Rd3 Ra4 61.Rxb3 Rxc4 62.Rb8 Rf4+ 63.Ke3 Re4+ 64.Kf2 Nf4 65.Rh8 Ke6
66.Bc3 Nd3+ 67.Kg3 Rg4+ 68.Kh3 Nf4+ 69.Kh2 Rxh4+ 70.Kg3 Ng6 71.Re8+ Kd5  0-1

[Event "TCh-ISL Div1 2013-14"]
[Site "Reykjavik ISL"]
[Date "2013.10.12"]
[Round "4.3"]
[White "Danielsen,Hen"]
[Black "Palsson,H ISL"]
[Result "1-0"]
[WhiteElo "2501"]
[BlackElo "2051"]

1.Nf3 d6 2.d4 Nf6 3.c4 g6 4.g3 Bg7 5.Bg2 O-O 6.Nc3 Nbd7 7.O-O e5 8.e4 c6
9.h3 h6 10.Be3 Re8 11.Qc2 Qe7 12.Rad1 Nh5 13.Rfe1 exd4 14.Nxd4 Ne5 15.b3 g5
16.Kh2 Qf6 17.f3 Ng6 18.Nde2 Bf8 19.Qd2 d5 20.cxd5 Bd6 21.dxc6 Rd8 22.Nd5 Qg7
23.Bd4 Qf8 24.c7 Re8 25.Ba1 Re6 26.Rf1 Bd7 27.f4 gxf4 28.gxf4 Rae8 29.e5 Bc6
30.c8=Q Bxd5 31.Bxd5 R6e7 32.Qf5  1-0

[Event "TCh-BEL 2013-14"]
[Site "Belgium BEL"]
[Date "2013.10.13"]
[Round "3.7"]
[White "Lafosse,J"]
[Black "Verlinde,T"]
[Result "0-1"]
[WhiteElo "2154"]
[BlackElo "2243"]

1.Nf3 d6 2.d4 Nf6 3.c4 g6 4.g3 Bg7 5.Bg2 O-O 6.O-O Nbd7 7.Nc3 c5 8.d5 Nb6
9.Nd2 e6 10.e4 exd5 11.cxd5 Re8 12.a4 Rb8 13.a5 Na8 14.h3 b5 15.axb6 axb6
16.Nb5 Nc7 17.Nxc7 Qxc7 18.Re1 b5 19.f4 Bb7 20.g4 h6 21.Nf1 Nd7 22.Rb1 c4
23.Be3 Nc5 24.Qc2 Ra8 25.h4 Ra2 26.Kh1 c3 27.e5 Rxb2 28.Qxc3 Rxg2 29.Kxg2 Bxd5+
30.Kg1 Qd7 31.Bxc5 dxc5 32.Ne3 Ba8 33.Qxc5 Qb7 34.Kh2 Rc8 35.Qd5 Qe7 36.Qd1 Qxh4+
37.Kg1 Qg3+ 38.Kf1 Qxf4+ 39.Kg1 Qg3+ 40.Kf1 Qf4+ 41.Kg1 Bxe5 42.Qe2 Bd4 43.Qf2 Qe4  0-1

[Event "TCh-SUI 2013"]
[Site "Switzerland SUI"]
[Date "2013.10.13"]
[Round "9.5"]
[White "Buss,Ra"]
[Black "Vogt,L"]
[Result "1/2-1/2"]
[WhiteElo "2395"]
[BlackElo "2402"]

1.d4 Nf6 2.c4 g6 3.Nf3 Bg7 4.g3 O-O 5.Bg2 d6 6.Nc3 c6 7.O-O Bf5 8.b3 Ne4
9.Bb2 Nxc3 10.Bxc3 Be4 11.Rc1 Nd7 12.e3 d5 13.cxd5 Bxd5 14.Qe2 Nf6 15.Rfd1 a5
16.Be1 e6 17.Bf1 a4 18.b4 Ne4 19.Ne5 f6 20.Nd3 Ng5 21.Bg2 Bxg2 22.Kxg2 Qd5+
23.f3 Rad8 24.Nc5 Rb8 25.e4 Qd6 26.Bd2 Qe7 27.Bxg5 fxg5 28.Qc4 Rbe8 29.e5 h5
30.a3 g4 31.fxg4 hxg4 32.Rf1 Rf5 33.Qe2 Qd8 34.Qe4 Re7 35.Kg1 Bh6 36.Rcd1 Qd5
37.Qxd5 cxd5 38.Rxf5 gxf5 39.Nxa4 Rc7 40.Nc5 Kf7 41.Rd3 b6 42.Na4 Rc1+ 43.Kg2 Rc2+
44.Kg1 Rc1+ 45.Kg2 Rc2+  1/2-1/2

[Event "3rd Central Asia Cup"]
[Site "Dushanbe TJK"]
[Date "2013.10.14"]
[Round "3.2"]
[White "Kotsur,P"]
[Black "Kuderinov,K"]
[Result "1-0"]
[WhiteElo "2559"]
[BlackElo "2465"]

1.Nf3 Nf6 2.c4 g6 3.d4 Bg7 4.g3 O-O 5.Bg2 d6 6.O-O Nc6 7.Nc3 Bf5 8.Nh4 Bd7
9.d5 Na5 10.Qd3 c5 11.Bd2 a6 12.b3 Rb8 13.Rab1 b5 14.Ne4 Nxe4 15.Bxe4 Qc7
16.Ng2 Rb7 17.Bc3 Bxc3 18.Qxc3 bxc4 19.bxc4 Rfb8 20.Rxb7 Rxb7 21.Ne3 Bh3
22.Rb1 Rxb1+ 23.Bxb1 Qb6 24.Bc2 Qb4 25.Qxb4 cxb4 26.g4 Kg7 27.f3 f5 28.gxf5 Bxf5
29.Nxf5+ gxf5 30.Bxf5 Nxc4 31.Bd3 Ne3 32.Bxa6 Nxd5 33.Kf2 Kf6 34.Bc4 Nc3
35.Ke3 d5 36.Bb3 Ke5 37.Kd3 Nb5 38.f4+ Kxf4 39.Bxd5 Ke5 40.Bg8 e6 41.Bxh7 Nc3
42.a3 Nxe2 43.axb4 Nd4 44.Be4 Nb5 45.Bc6 Nd6 46.h4 Kf4 47.Kd4 e5+ 48.Kc5 Nf7
49.Bd5 Nd8 50.h5 Kg5  1-0

[Event "3rd Central Asia Cup"]
[Site "Dushanbe TJK"]
[Date "2013.10.14"]
[Round "3.4"]
[White "Gevorgyan,I"]
[Black "Amonatov,F"]
[Result "0-1"]
[WhiteElo "2168"]
[BlackElo "2624"]

1.d4 Nf6 2.c4 g6 3.g3 Bg7 4.Bg2 O-O 5.Nf3 d6 6.O-O Nbd7 7.Nc3 e5 8.dxe5 dxe5
9.Qc2 c6 10.Rd1 Qe7 11.b3 e4 12.Ne1 Ng4 13.e3 Nxf2 14.Kxf2 Qf6+ 15.Kg1 Qxc3
16.Qxc3 Bxc3 17.Rb1 f5 18.Ba3 Re8 19.Bf1 c5 20.Be2 b6 21.Ng2 Nf6 22.Nf4 g5
23.Nd5 Nxd5 24.cxd5 a5 25.Bb5 Rd8 26.Bb2 Bxb2 27.Rxb2 Rd6 28.Rf2 Ra7 29.g4 fxg4
30.Rdf1 Kg7 31.Rf8 Rc7 32.Bc4 Bb7 33.Rb8 Bxd5 34.Rd1 Rcd7 35.Bb5 Bf7 36.Rf1 Re7  0-1

[Event "TCh-Belgrade Premier liga 2013"]
[Site "Belgrade SRB"]
[Date "2013.10.16"]
[Round "5.5"]
[White "Milicevic,A"]
[Black "Popovic,An"]
[Result "0-1"]
[WhiteElo "2192"]
[BlackElo "2229"]

1.d4 Nf6 2.c4 g6 3.Nf3 Bg7 4.g3 O-O 5.Bg2 d6 6.Nc3 Nbd7 7.O-O c6 8.h3 Rb8
9.e4 e5 10.Be3 b6 11.Qc2 exd4 12.Nxd4 Bb7 13.Rad1 Qc7 14.Rfe1 Rbd8 15.b3 Rfe8
16.Bf4 Ne5 17.Bg5 h6 18.Be3 Kh7 19.f4 Ned7 20.Bf2 a6 21.Nf3 Nh5 22.Nd4 Bf6
23.Nce2 c5 24.Nf5 gxf5 25.e5 Be4 26.Bxe4 fxe4 27.exf6 Ndxf6 28.Nc3 Qe7 29.Re3 Qe6
30.Rde1 Qxh3 31.Nxe4 Kg7 32.Nxd6 Rxd6 33.Rxe8 Ng4 34.Qb2+ Nhf6 35.Bxc5 Qxg3+
36.Qg2 Qxg2+ 37.Kxg2 bxc5 38.Rc8 Rd2+ 39.Kg3 Rxa2 40.Rxc5 Rb2 41.Rc7 Rxb3+
42.Kh4 Nf2  0-1

[Event "TCh-AUT 2nd West 2013-14"]
[Site "Austria AUT"]
[Date "2013.10.18"]
[Round "1.3"]
[White "Klocker,B"]
[Black "Pogan,N"]
[Result "0-1"]
[WhiteElo "2215"]
[BlackElo "2274"]

1.d4 Nf6 2.c4 g6 3.g3 Bg7 4.Bg2 O-O 5.Nf3 d6 6.O-O Nc6 7.Nc3 a6 8.e4 Bd7
9.h3 Qc8 10.Kh2 e5 11.Be3 exd4 12.Nxd4 Ne5 13.Qe2 c5 14.Nf3 Nxf3+ 15.Qxf3 Re8
16.Bf4 Bc6 17.Rfe1 Qe6 18.Nd5 Rac8 19.Rad1 Nd7 20.b3 b5 21.h4 Ne5 22.Bxe5 Qxe5
23.Qe3 bxc4 24.f4 Qb2 25.Re2 Qa3 26.bxc4 Qa5 27.Qd2 Qd8 28.Rb1 Rb8 29.Ree1 Bd4
30.Rxb8 Qxb8 31.Qa5 Qb7 32.Nc7  0-1

[Event "35th Arco Open 2013"]
[Site "Arco ITA"]
[Date "2013.10.20"]
[Round "9.21"]
[White "Giuriato,S"]
[Black "Maurer,F"]
[Result "0-1"]
[WhiteElo "1973"]
[BlackElo "2044"]

1.d4 Nf6 2.c4 g6 3.Nf3 Bg7 4.g3 O-O 5.Bg2 d6 6.Nc3 Nc6 7.O-O Bf5 8.d5 Na5
9.Nd4 Bd7 10.Qd3 c5 11.Nc2 a6 12.b3 Bf5 13.e4 Bd7 14.Rb1 Rb8 15.b4 cxb4 16.Rxb4 Qc7
17.Be3 b5 18.cxb5 Ng4 19.Bd4 Bxd4 20.Nxd4 Ne5 21.Qd2 Nac4 22.Qe2 Qc5 23.Rxc4 Nxc4
24.Nc6 Bxc6 25.dxc6 axb5 26.Nd5 Rfe8 27.c7 Rbc8 28.Rc1 Qd4 29.a4 e6 30.Rd1 Qg7
31.Nb4 Rxc7 32.Na6 Rcc8 33.axb5 Qe5 34.Rb1 Nb6 35.Qe3 Nc4 36.Qd3 Na5 37.f4 Qc3
38.Qxd6 Qe3+ 39.Kf1 Rc2  0-1

[Event "TCh-Belgrade Premier liga 2013"]
[Site "Belgrade SRB"]
[Date "2013.10.20"]
[Round "9.6"]
[White "Milicevic,A"]
[Black "Jandric,D"]
[Result "1/2-1/2"]
[WhiteElo "2192"]
[BlackElo "2053"]

1.d4 Nf6 2.c4 g6 3.Nf3 Bg7 4.g3 O-O 5.Bg2 d6 6.Nc3 c6 7.O-O Qb6 8.h3 Qa6
9.b3 b5 10.Nd2 Bb7 11.Bb2 Nbd7 12.e3 bxc4 13.Nxc4 c5 14.dxc5 Bxg2 15.Kxg2 Nxc5
16.f3 h5 17.Rf2 Qb7 18.Rd2 Rfd8 19.Nd5 Nxd5 20.Rxd5 Bxb2 21.Nxb2 Rdc8 22.Rd2 Ne6
23.h4 a5 24.Rc1 Qa7 25.Kf2 Rxc1 26.Qxc1 Qb7 27.Rc2 Nc5 28.Qd2 Qb5 29.Kg2 Rb8
30.Rc4 Rd8  1/2-1/2

[Event "17th Unive Open 2013"]
[Site "Hoogeveen NED"]
[Date "2013.10.22"]
[Round "5.36"]
[White "Buckels,Valentin"]
[Black "Henseler,J"]
[Result "1/2-1/2"]
[WhiteElo "2058"]
[BlackElo "2088"]

1.d4 Nf6 2.c4 g6 3.Nf3 Bg7 4.g3 O-O 5.Bg2 d6 6.O-O Nbd7 7.Qc2 e5 8.e4 c6
9.Rd1 Qe7 10.Nc3 exd4 11.Nxd4 Re8 12.Bf4 Ne5 13.b3 Nfd7 14.h3 Nc5 15.Be3 a5
16.f4 Ned7 17.Bf2 h5 18.Re1 Nf8 19.Rad1 Bd7 20.Qd2 Rad8 21.Qc1 Bc8 22.Qa3 Qc7
23.Na4 Nxa4 24.Qxa4 Ne6 25.Nxe6 Bxe6 26.Qa3 a4 27.Qb4 c5 28.Qd2 axb3 29.axb3 Qb6
30.Qc2 f5 31.Kh2 Kh7 32.h4 Qb4 33.Re2 b5 34.Be1 Qa3 35.Red2 bxc4 36.bxc4 Bd4
37.Bf2 Bxf2 38.Rxf2 Qb4 39.Rc1 Re7 40.Rd2 Rdd7 41.Rdd1 Rf7 42.Rd3 Qa5 43.Rdd1 Qb4
44.Bh3 Qb6 45.exf5 Bxf5 46.Bxf5 Rxf5 47.Qe4 d5 48.cxd5 Rfxd5 49.Rxd5 Rxd5
50.Qe7+ Kh6 51.Qf8+ Kh7 52.Qf7+ Kh6 53.Qf8+ Kh7 54.Re1 Rd7 55.f5 Qd6 56.fxg6+ Qxg6
57.Re7+ Rxe7 58.Qxe7+ Kh6 59.Qxc5 Qg4 60.Qf8+ Kh7 61.Qe7+ Kh8 62.Qe5+ Kh7
63.Kg2 Kg6 64.Kf2 Qf5+ 65.Qf4 Qc2+ 66.Kf3 Qd1+ 67.Ke4 Qa4+ 68.Ke5 Qe8+ 69.Kd4 Qa4+
70.Ke3 Qb3+ 71.Kf2 Qc2+ 72.Kg1 Qd1+ 73.Kg2 Qe2+ 74.Kh3 Qe6+ 75.g4 Qxg4+ 76.Qxg4+ hxg4+
77.Kxg4  1/2-1/2

[Event "17th Unive Open 2013"]
[Site "Hoogeveen NED"]
[Date "2013.10.22"]
[Round "5.24"]
[White "Clemens,A"]
[Black "Van der Veen,Jan"]
[Result "0-1"]
[WhiteElo "2206"]
[BlackElo "2056"]

1.d4 Nf6 2.c4 g6 3.Nf3 Bg7 4.g3 O-O 5.Bg2 d6 6.O-O c6 7.Nc3 Qa5 8.h3 e5 9.e4 Nbd7
10.Re1 exd4 11.Nxd4 Ne5 12.Bf1 Qb6 13.Kg2 Re8 14.f4 Ned7 15.Nb3 Qc7 16.Kh2 h5
17.Qf3 a5 18.a4 Qb6 19.Ra3 g5 20.Be3 g4 21.hxg4 Nxg4+ 22.Qxg4 hxg4 23.Bxb6 Nxb6
24.Raa1 Be6 25.Nd2 Bd4 26.f5 Bd7 27.Be2 d5 28.cxd5 cxd5 29.Bxg4 Rac8 30.exd5 Bxc3
31.bxc3 Rxc3 32.Ne4 Rc2+ 33.Kh3 Kg7 34.Kh4 f6 35.Bh5 Rh2+ 36.Kg4 Nxd5 37.Bxe8 Bxe8
38.Kf3 Bc6 39.Re2 Rh1 40.Kg4 Rh8 41.Rc1 Bxa4 42.Nc3 Nxc3 43.Rxc3 Bd1 44.Rc7+ Kh6
45.Re7 a4 46.Kf4 Bxe2 47.Rxe2 a3 48.Rh2+ Kg7 49.Ra2 Ra8 50.Ke4 Ra5 51.Kd4 Kh6
52.Kc4 Kg5 53.Kb4 b6  0-1

[Event "17th Unive Open 2013"]
[Site "Hoogeveen NED"]
[Date "2013.10.24"]
[Round "7.33"]
[White "Buckels,Valentin"]
[Black "Kolodkin,Daniil"]
[Result "1/2-1/2"]
[WhiteElo "2058"]
[BlackElo "1981"]

1.d4 Nf6 2.c4 g6 3.Nf3 Bg7 4.g3 d6 5.Bg2 O-O 6.O-O Nc6 7.Nc3 Bf5 8.d5 Na5
9.Nd2 c5 10.e4 Bd7 11.h3 e5 12.Qe2 a6 13.b3 Rb8 14.Bb2 b5 15.Kh2 bxc4 16.Nxc4 Nxc4
17.Qxc4 Bb5 18.Nxb5 axb5 19.Qc2 Qb6 20.Bc3 Rfc8 21.f4 Nd7 22.f5 b4 23.Bd2 c4
24.bxc4 Qd4 25.fxg6 hxg6 26.Rfc1 Nc5 27.Rd1 Nd7 28.Rac1 Qc5 29.Qb3 Qa5 30.Be3 Nc5
31.Bxc5 Rxc5 32.Rc2 Rb7 33.Rb1 Rcc7 34.h4 Qc5 35.Qf3 Ra7 36.Rb3 Ra4 37.h5 Rca7
38.hxg6 fxg6 39.Rbb2 Ra3 40.Qg4 Kh7 41.Qh4+ Bh6 42.Bf1 Rf7 43.Kg2 Raf3 44.Rb1  1/2-1/2

[Event "14th Liberec Open"]
[Site "Liberec CZE"]
[Date "2013.10.30"]
[Round "6.1"]
[White "Nguyen,Thai Dai Van"]
[Black "Braun,Mare"]
[Result "1/2-1/2"]
[WhiteElo "2164"]
[BlackElo "2229"]

1.d4 Nf6 2.Nf3 g6 3.g3 Bg7 4.Bg2 O-O 5.c4 d6 6.O-O a6 7.Nc3 Nc6 8.Qd3 e5
9.dxe5 dxe5 10.Qxd8 Rxd8 11.Bg5 Be6 12.Nd2 h6 13.Bxf6 Bxf6 14.Nde4 Be7 15.Nd5 Bxd5
16.cxd5 Na5 17.Rac1 Rac8 18.Nc5 Bxc5 19.Rxc5 b6 20.Rc3 f5 21.Rfc1 Rd7 22.d6 c5
23.Bd5+ Kf8 24.Be6 Ke8 25.e4 Rc6 26.Bxd7+ Kxd7 27.exf5 gxf5 28.Rf3 Rxd6 29.Rxf5 Nc6
30.Kf1 Nb4 31.Ke2 Nd3 32.Rd1 c4 33.b3 b5 34.Rf3 e4 35.Re3 c3 36.Rexd3 exd3+
37.Rxd3 Rxd3 38.Kxd3 b4 39.g4 Ke6 40.f4 Kf6 41.h4 Kg7  1/2-1/2

[Event "13th Sautron Open 2013"]
[Site "Sautron FRA"]
[Date "2013.10.30"]
[Round "6.2"]
[White "Koziak,V"]
[Black "Lejarre,L"]
[Result "1/2-1/2"]
[WhiteElo "2481"]
[BlackElo "2371"]

1.d4 Nf6 2.c4 g6 3.Nf3 Bg7 4.g3 O-O 5.Bg2 d6 6.O-O c6 7.Nc3 Qa5 8.e4 e5 9.d5 cxd5
10.cxd5 b5 11.a4 b4 12.Nb5 Nxe4 13.Ng5 Nxg5 14.Bxg5 f6 15.Bd2 Rd8 16.Qc2 Na6
17.Qc6 Bd7 18.Qxd6 Bf5 19.Qc6 Rdc8 20.Qb7 Rcb8 21.Qe7 Re8 22.Qb7 Reb8 23.Qe7 Re8
24.Qb7 Reb8 25.Qe7 Re8  1/2-1/2

[Event "13th Sautron Open 2013"]
[Site "Sautron FRA"]
[Date "2013.10.31"]
[Round "7.11"]
[White "Terrieux,K"]
[Black "Eugene,Floryan"]
[Result "1-0"]
[WhiteElo "2415"]
[BlackElo "1895"]

1.d4 Nf6 2.c4 g6 3.Nf3 Bg7 4.g3 O-O 5.Bg2 d6 6.O-O Nbd7 7.Nc3 c6 8.e4 e5
9.h3 Qe7 10.Re1 Rd8 11.Be3 Nb6 12.b3 c5 13.dxc5 dxc5 14.Bxc5 Rxd1 15.Bxe7 Rd3
16.Rad1 Rxd1 17.Rxd1 Be6 18.Ng5 Re8 19.Nxe6 Rxe7 20.Rd8+ Re8 21.Rxe8+ Nxe8
22.Nd8 Nd6 23.c5 Bf6 24.cxb6 axb6 25.Nxf7 Kxf7 26.Bf1 Ke6 27.Bd3 Kd7 28.Nd5 Bd8
29.Kf1 Kc6 30.Ke2 Ne8 31.Nb4+ Kc5 32.Nc2 Nc7 33.Bc4 Ne8 34.a4 Nf6 35.Kd3 h5
36.h4 Nd7 37.Bf7 Nf8 38.b4+ Kc6 39.Ne3 Kd6 40.Nc4+ Ke7 41.Bd5 Nd7 42.Bxb7 Bc7
43.Bc6 Nf6 44.a5 bxa5 45.bxa5 Kd8 46.a6 Bb8 47.Nxe5  1-0

[Event "TCh-NED Meesterklasse 2013-14"]
[Site "Netherland NED"]
[Date "2013.11.02"]
[Round "2.5"]
[White "Kabatianski,A"]
[Black "Lammens,Tim"]
[Result "1/2-1/2"]
[WhiteElo "2437"]
[BlackElo "2317"]

1.d4 Nf6 2.c4 g6 3.Nf3 Bg7 4.g3 O-O 5.Bg2 d6 6.O-O Nc6 7.Nc3 a6 8.b3 Rb8
9.Nd5 Ne8 10.Bb2 b5 11.Rc1 bxc4 12.Rxc4 Bd7 13.Qd2 e6 14.Nf4 Ne7 15.Rfc1 a5
16.e4 Bb5 17.R4c2 a4 18.b4 c6 19.a3 Nf6 20.Re1 Bh6 21.Qd1 Bxf4 22.gxf4 d5
23.e5 Nh5 24.Bc1 Nf5 25.Bh3 Rb7 26.Kh1 Kh8 27.Rc3 Nhg7 28.Rg1 f6 29.Bg4 Nh6
30.exf6 Qxf6 31.Ne5 Nxg4 32.Rxg4 Nf5 33.Be3 Nd6 34.Kg1 Rc7 35.Bc1 Nf5 36.Rh3 Rg7
37.Be3 Rfg8 38.Rg5 Nd6 39.Kh1 Ne4 40.Rg4 Qf5 41.Rhh4 Nd6 42.Kg1 Qe4 43.Rh3 Nf5
44.Rg5 Nd6 45.Ng4 Qd3 46.Qxd3 Bxd3 47.Nh6 Rf8 48.Re5 Bf5 49.Nxf5 gxf5+ 50.Rg3 Rf6
51.Bc1 Ne4 52.Rxg7 Kxg7 53.f3 Rg6+ 54.Kf1 Nd6 55.Re3 Kf7 56.Bd2 Nc4 57.Rd3 Rh6
58.Kg2 Rg6+ 59.Kf1 Rh6  1/2-1/2

[Event "Krasnoselskaya Autumn IM 2013"]
[Site "St Petersburg RUS"]
[Date "2013.11.02"]
[Round "1.1"]
[White "Martynov,P2"]
[Black "Dolzhikova,K"]
[Result "1/2-1/2"]
[WhiteElo "2332"]
[BlackElo "2238"]

1.d4 Nf6 2.c4 g6 3.Nf3 Bg7 4.g3 d6 5.Bg2 O-O 6.O-O c6 7.Nc3 Bf5 8.Nh4 Be6
9.b3 d5 10.cxd5 Nxd5 11.Nxd5 cxd5 12.Ba3 Nc6 13.e3 Qd7 14.Qe2 Bh3 15.Rfd1 Bxg2
16.Nxg2 Rfe8 17.Nf4 Rad8 18.Bb2 Qf5 19.Qd3 Qg4 20.Qb5 e5 21.Nxd5 exd4 22.Bxd4 Nxd4
23.exd4 Bxd4 24.Qc4 Rxd5 25.Qxd5 Bxa1 26.Rxa1 Qe4 27.Qd7 Re7 28.Qd8+ Re8
29.Qd2 h5 30.h4 Kh7 31.Rc1 Qe5 32.Qd3 Kg7 33.Kg2 Re6 34.Rc8 Rf6 35.Rd8 Qc5
36.Qd4 Qxd4 37.Rxd4 Ra6 38.a4 Rb6 39.b4 Kf6 40.Kf3 Ke7 41.Rc4 Kd7 42.Rf4 Ke7
43.Rc4 Kd7 44.g4 hxg4+ 45.Kxg4 Rd6 46.Kg5 Rd5+ 47.Kg4 b5 48.axb5 Rxb5 49.f4 a5
50.Rd4+ Ke6 51.bxa5 Rxa5 52.Rb4 Kf6 53.Rb6+ Kg7 54.Rb7  1/2-1/2

[Event "e2e4 Gatwick Nov Open"]
[Site "Crawley ENG"]
[Date "2013.11.03"]
[Round "5"]
[White "Kemp,Pe"]
[Black "Salem,I"]
[Result "1/2-1/2"]
[WhiteElo "2164"]
[BlackElo "2101"]

1.d4 g6 2.Nf3 Bg7 3.g3 Nf6 4.Bg2 O-O 5.c4 d6 6.Nc3 Nc6 7.O-O a6 8.b3 Rb8
9.Nd5 e6 10.Ne3 Bd7 11.Bb2 Ne4 12.Ne1 f5 13.f3 Qg5 14.N1c2 Nf6 15.f4 Qh5
16.Qd3 g5 17.fxg5 Qxg5 18.Rad1 Ne7 19.Ne1 Bh6 20.Bc1 Qg7 21.N3c2 Ng6 22.Bxh6 Qxh6
23.Qe3 Qh5 24.Qf3 Qh6 25.Qe3 Qh5  1/2-1/2